| 000 | 00540nam a22001937a 4500 | ||
|---|---|---|---|
| 999 |
_c6959 _d6959 |
||
| 003 | OSt | ||
| 005 | 20211022161942.0 | ||
| 008 | 210519b ||||| |||| 00| 0 eng d | ||
| 020 | _a812390598X | ||
| 040 | _cDDC | ||
| 082 | _a621.3192 PRO 2019 | ||
| 100 |
_aExperienced Teachers _914269 |
||
| 245 | _aProblems and Solutions of Electronic Devices and Circuits. | ||
| 260 |
_aNew Delhi: _bCBS Publishers; _c2019. |
||
| 300 |
_a333p.: _bill; _c18cm. |
||
| 650 |
_aElectronic Devices. _9633 |
||
| 650 |
_aCircuits. _93568 |
||
| 942 |
_2ddc _cO_SHELF |
||